<?xml version="1.0" encoding="UTF-8"?><?xml-stylesheet type="text/xsl" href="static/style.xsl"?><OAI-PMH xmlns="http://www.openarchives.org/OAI/2.0/" xmlns:xsi="http://www.w3.org/2001/XMLSchema-instance" xsi:schemaLocation="http://www.openarchives.org/OAI/2.0/ http://www.openarchives.org/OAI/2.0/OAI-PMH.xsd"><responseDate>2026-04-17T05:21:55Z</responseDate><request verb="GetRecord" identifier="oai:www.recercat.cat:10256/20122" metadataPrefix="marc">https://recercat.cat/oai/request</request><GetRecord><record><header><identifier>oai:recercat.cat:10256/20122</identifier><datestamp>2024-06-06T08:08:21Z</datestamp><setSpec>com_2072_452966</setSpec><setSpec>com_2072_2054</setSpec><setSpec>col_2072_452969</setSpec></header><metadata><record xmlns="http://www.loc.gov/MARC21/slim" xmlns:dcterms="http://purl.org/dc/terms/" xmlns:xsi="http://www.w3.org/2001/XMLSchema-instance" xmlns:doc="http://www.lyncode.com/xoai" xsi:schemaLocation="http://www.loc.gov/MARC21/slim http://www.loc.gov/standards/marcxml/schema/MARC21slim.xsd">
   <leader>00925njm 22002777a 4500</leader>
   <datafield ind2=" " ind1=" " tag="042">
      <subfield code="a">dc</subfield>
   </datafield>
   <datafield ind2=" " ind1=" " tag="720">
      <subfield code="a">Matamala Guerrero, Gemma</subfield>
      <subfield code="e">author</subfield>
   </datafield>
   <datafield ind2=" " ind1=" " tag="260">
      <subfield code="c">2021</subfield>
   </datafield>
   <datafield ind2=" " ind1=" " tag="520">
      <subfield code="a">Per l’elaboració del present treball es va pensar en les necessitats actuals que te el Camí Ignasià català. Aquest no és vist encara com un camí cultural, sinó que se’l atribueix a la religiositat que te implícita. A més, és un camí desconegut per tots aquells que estan fora del dogma o bé no és un atractiu turístic ni cultural. És per això que es va plantejar la manera de poder crear un producte que englobés activitats que siguin d’interès per els pelegrins actuals i, a més, per als turistes nacionals i, a poder ser, atreure els turistes&#xd;
internacionals. D’aquesta manera el Camí de Sant Ignasi no serà percebut únicament com un camí de pelegrinatge vinculat exclusivament a la religió i al dogma sinó que el que es pretén és despertar altres interessos.</subfield>
   </datafield>
   <datafield ind1="8" ind2=" " tag="024">
      <subfield code="a">http://hdl.handle.net/10256/20122</subfield>
   </datafield>
   <datafield tag="653" ind2=" " ind1=" ">
      <subfield code="a">turisme gastronòmic</subfield>
   </datafield>
   <datafield tag="653" ind2=" " ind1=" ">
      <subfield code="a">Espiritualitat</subfield>
   </datafield>
   <datafield ind2="0" ind1="0" tag="245">
      <subfield code="a">Turisme conscient en el Camí Ignasià: proposta de desenvolupament turístic</subfield>
   </datafield>
</record></metadata></record></GetRecord></OAI-PMH>